| 000 | | | 04053cbm0a2200277#x 450 |
| 001 | | | 50032b6f-93cf-47de-ae31-675d23081ad2 |
| 005 | | | 20200414113703.0 |
| 100 | ## | $a | 20200406j19380829k###0rusy50 ca |
| 101 | 0# | $a | rus |
| 102 | ## | $a | GB |
| 122 | 0# | $a | d19380829## |
| 200 | 1# | $a | Шифртелеграмма полпреда СССР в Великобритании И. М. Майского в НКИД СССР о беседе с главным дипломатическим советником МИД Великобритании Р. Ванситтартом о позициях СССР и Великобритании по чехословацкому вопросу |
| | $j | 29 августа 1938 г. |
| 251 | ## | $c | Документ |
| 300 | ## | $a | Заверенная копия |
| 461 | #0 | $1 | 2001 |
| | $a | Ф. 3 |
| | $1 | 251 |
| | $c | Фонд |
| | $1 | 852 |
| | $j | 3 |
| 462 | #0 | $1 | 2001 |
| | $a | Оп. 63 |
| | $1 | 251 |
| | $c | Опись |
| | $1 | 852 |
| | $j | 63 |
| 462 | #0 | $1 | 2001 |
| | $a | Д. 186 |
| | $v | Л. 118-121 |
| | $1 | 251 |
| | $c | Дело |
| | $1 | 852 |
| | $j | 186 |
| 605 | ## | $a | Вторая мировая война в архивных документах (Комплекс оцифрованных архивных документов, кино- и фотоматериалов) |
| | $l | коллекция |
| | $2 | prlib_sh |
| | $3 | LIBNET\UAF\0000088514 |
| 617 | ## | $2 | prlib_sh |
| | $a | СССР |
| | $f | 1938 |
| 617 | ## | $2 | prlib_sh |
| | $a | Великобритания |
| | $f | 1938 |
| 617 | ## | $2 | prlib_sh |
| | $a | Чехословакия |
| | $f | 1938 |
| 801 | #0 | $a | RU |
| | $b | ПБ им. Б.Н. Ельцина |
| | $c | 20200406 |
| 801 | #1 | $a | RU |
| | $b | ПБ им. Б.Н. Ельцина |
| | $c | 20200406 |
| | $2 | rusmarc |
| 801 | #2 | $a | RU |
| | $b | ПБ им. Б.Н. Ельцина |
| | $c | 20200414 |
| | $2 | rusmarc |
| 850 | ## | $a | Архив Президента Российской Федерации |
| 852 | ## | $a | АП РФ |
| | $j | Л. 118-121 |
| 035 | ## | $a | LIBNET\0001068374 |
| 937 | ## | $d | 144016560 |
| | $h | Архив Президента Российской Федерации |
| 856 | 4# | $u | http://readingroom.main.prlib.ru/item.aspx?id_node=n144016560&mode=full |